Statistics for Golden Globe Winners for Best Actor in a Drama Motion Picture

Click here to take the quiz!

General Stats

  • This quiz has been taken 52 times
  • The average score is 53 of 82

Answer Stats

YearFilmActor% Correct
2015The RevenantLeonardo DiCaprio
100%
2004The AviatorLeonardo DiCaprio
100%
1994Forrest GumpTom Hanks
100%
1993PhiladelphiaTom Hanks
100%
2000Cast AwayTom Hanks
100%
2019JokerJoaquin Phoenix
98%
2023OppenheimerCillian Murphy
96%
2007There Will Be BloodDaniel Day-Lewis
96%
2012LincolnDaniel Day-Lewis
96%
1973SerpicoAl Pacino
94%
1992Scent of a WomanAl Pacino
94%
2010The King's SpeechColin Firth
94%
1988Rain ManDustin Hoffman
94%
1979Kramer vs. KramerDustin Hoffman
94%
1998The Truman ShowJim Carrey
94%
2005CapotePhilip Seymour Hoffman
94%
2018Bohemian RhapsodyRami Malek
94%
2021King RichardWill Smith
94%
1954On the WaterfrontMarlon Brando
91%
1972The GodfatherMarlon Brando
91%
2013Dallas Buyers ClubMatthew McConaughey
91%
1975One Flew Over the Cuckoo's NestJack Nicholson
89%
1974ChinatownJack Nicholson
89%
2002About SchmidtJack Nicholson
89%
1982GandhiBen Kingsley
85%
2016Manchester by the SeaCasey Affleck
85%
2001A Beautiful MindRussell Crowe
85%
2014The Theory of EverythingEddie Redmayne
83%
2006The Last King of ScotlandForest Whitaker
83%
2017Darkest HourGary Oldman
83%
1980Raging BullRobert De Niro
83%
1989Born on the Fourth of JulyTom Cruise
83%
1987Wall StreetMichael Douglas
81%
1995Leaving Las VegasNicolas Cage
81%
2003Mystic RiverSean Penn
81%
1956Lust for LifeKirk Douglas
79%
2022ElvisAustin Butler
72%
1969True GritJohn Wayne
72%
2020Ma Rainey's Black BottomChadwick Boseman
70%
2009Crazy HeartJeff Bridges
70%
1971The French ConnectionGene Hackman
68%
1981On Golden PondHenry Fonda
68%
1997Ulee's GoldPeter Fonda
68%
1962To Kill a MockingbirdGregory Peck
66%
1946The YearlingGregory Peck
66%
2008The WrestlerMickey Rourke
66%
1999The HurricaneDenzel Washington
64%
2011The DescendantsGeorge Clooney
64%
1948HamletLaurence Olivier
57%
1957The Bridge on the River KwaiAlec Guinness
55%
1996ShineGeoffrey Rush
55%
1970PattonGeorge C. Scott
55%
1984AmadeusF. Murray Abraham
53%
1963Lilies of the FieldSidney Poitier
53%
1978Coming HomeJon Voight
49%
1985Runaway TrainJon Voight
49%
1990Reversal of FortuneJeremy Irons
47%
1952High NoonGary Cooper
43%
1976NetworkPeter Finch
43%
1983Tender MerciesRobert Duvall
40%
1991The Prince of TidesNick Nolte
38%
1965Doctor ZhivagoOmar Sharif
38%
1964BecketPeter O'Toole
38%
1968The Lion in WinterPeter O'Toole
38%
1960Elmer GantryBurt Lancaster
36%
1955MartyErnest Borgnine
36%
1967In the Heat of the NightRod Steiger
36%
1986Mona LisaBob Hoskins
34%
1961Judgment at NurembergMaximilian Schell
32%
1953The ActressSpencer Tracy
32%
1977EquusRichard Burton
30%
1958Separate TablesDavid Niven
28%
1966A Man for All SeasonsPaul Scofield
28%
1945The Lost WeekendRay Milland
23%
1949All the King's MenBroderick Crawford
21%
1983The DresserTom Courtenay
21%
1950Cyrano de BergeracJosé Ferrer
19%
1947A Double LifeRonald Colman
17%
1951Death of a SalesmanFredric March
15%
1943Watch on the RhinePaul Lukas
15%
1944WilsonAlexander Knox
13%
1959CareerAnthony Franciosa
11%

Score Distribution

Percentile by Number Answered

Percent of People with Each Score

Your Score History

You have not taken this quiz